| 000 | 00327 a2200133 4500 | ||
|---|---|---|---|
| 999 |
_c321514 _d321514 |
||
| 001 | 86441 | ||
| 003 | NUST | ||
| 005 | 20180122142006.0 | ||
| 008 | 180122b xxu||||| |||| 00| 0 eng d | ||
| 020 | _a9780099307376 | ||
| 082 | _a951.05092 CHA | ||
| 100 |
_aChang Jung _99495 |
||
| 245 |
_aMAO, The Unknown Story _cChang jung _hEnglish |
||
| 260 |
_aLondon _bVintag E Book |
||
| 300 | _axiii+972p. | ||
| 942 |
_aAHQ _cBK _k951.05092 CHA _2ddc |
||